| 000 | 00837cam a2200253 a 4500 | ||
|---|---|---|---|
| 001 | 000019603 | ||
| 003 | UkOxU | ||
| 005 | 20200929170055.0 | ||
| 008 | 751014s1958 sp 001 e spa d | ||
| 040 |
_aDO-SdBNP _cDZM _dEQO _dBNPHU |
||
| 082 |
_a864.6 _bS238h |
||
| 100 | 1 |
_aSanz Egaña, Cesáreo, _d1885-1959 _942033 |
|
| 245 | 1 | 0 | _aHistoria y bravura del toro de lidia. |
| 260 |
_aMadrid : _bEspasa-Calpe, _c1958. |
||
| 300 |
_a207 p. ; _c18 cm. |
||
| 490 | 1 | _aAustral. Marrón: Ciencia y técnica. Clásicos de la ciencia | |
| 500 | _aIncluye índice de autores | ||
| 650 | 4 |
_aEnsayos españoles _93095 |
|
| 650 | 4 |
_aLiteratura española _ySIGLOXX _942034 |
|
| 650 | 4 |
_aToros _942035 |
|
| 830 | 0 |
_aAustral _pMarrón : ciencia y técnica. Clásicos de la ciencia _942036 |
|
| 910 | _aCatalogación derivada /Oxford | ||
| 049 | _aBNGR | ||
| 999 |
_c19119 _d19119 |
||